00632nam a2200193 a 450000500170000000800410001704000250005804100080008304400070009108200190009810000320011724500940014926000750024330000160031865000250033465000170035965000340037670000280041020191224041541.0140221b1993 ck ||||| |||| 00| 0 spa d aCO-BoIAVHcCO-BoIAVH aspa ack a580.9861bM75r1 aDíaz Piedrahita, Santiago aRevisión de las tribus Barnadesieae y Mutisieae (Asteraceae) para labFlora de Colombia aBogotábJardín Botánico de Bogotá José Celestino Mutisc1993 a162 paginas 6aClaves taxonómicas 4aBarnadesieae 6aFlora de ColombiavBotánica aVélez Nauer, Cristina